| 000 | 01038nam a22001337a 4500 | ||
|---|---|---|---|
| 040 | _cRUA | ||
| 082 | _aAVM KEO 2010 B096 Or.1 | ||
| 100 | _aKEO, CHANRAKSMEY. | ||
| 245 | _aEffect of fresh earth worm and water lyly supplementation on growth rate of avian broiler by using C.P commercial feed as a basic diet at animal experimental station of the royal university of agriculture, ឥទ្ធិពលនៃការបន្ថែមជន្លេនក្រហម និងព្រលឹតស្រស់លើការលូតលាស់របស់មាន់សាច់ពូជAVIAN ដោយប្រើចំណីក្រុមហ៊ុនស៊ី ភី ជាចំណីគ្រឹះនៅស្ថានីយចិញ្ចឹមសត្វនៃសាកលវិទ្យាល័យភូមិន្ទកសិកម្ម | ||
| 260 |
_aPhnom Penh _bRUA _c2010 |
||
| 300 |
_axi; 42p. _bill. _c29cm. |
||
| 856 | _uhttps://drive.google.com/file/d/1VOdIeLixxy87lG4_89x0orKqoXfWZ54y/view?usp=sharing | ||
| 942 | _cAVM | ||
| 999 |
_c2458 _d2458 |
||